By The Way - Red Hot Chili Peppers - Statistics

General Stats
  • This quiz has been taken 34 times
  • The average score is 212 of 349
Answer Stats
Answer % Correct
By
100%
by
100%
I
100%
the
100%
way,
100%
way
100%
there,
97%
there
97%
a
93%
be
93%
for
87%
in
87%
on,
87%
on
87%
say
87%
to
87%
waiting
87%
And
83%
and
83%
glow
83%
heavy
83%
light
83%
line
83%
see
83%
Standing
83%
show
80%
so
80%
tonight
80%
tried
80%
there's
77%
girl
73%
girl,
73%
I'd
73%
me
73%
singing
70%
Song
70%
Dani
67%
Dani,
67%
songs
67%
Beneath
63%
marquee
63%
marquee,
63%
you
60%
is
57%
that
57%
knife,
50%
Kiss
43%
little
40%
Steak
40%
we
40%
but
37%
know
37%
overload
37%
card
33%
DJ
33%
one
33%
not
30%
Not
30%
such
30%
Beat
27%
dick
27%
I'm
27%
she's
27%
bath
23%
before
23%
blood
23%
cage,
23%
freeway
23%
from
23%
Get
23%
Ooh,
23%
Ooh
23%
quick
23%
Rib
23%
want
23%
about
20%
it
20%
job,
20%
shop,
20%
Skin
20%
ah,
17%
ah
17%
back,
17%
Cash
17%
Con
17%
cut
17%
flick,
17%
leeway
17%
make
17%
mic,
17%
never
17%
nic,
17%
play
17%
shark
17%
soft
17%
stole
17%
tail
17%
Turn
17%
Black
13%
boot
13%
Dogtown,
13%
dyke,
13%
hard
13%
hold
13%
jack,
13%
like
13%
oversold
13%
Pawn
13%
top
13%
trick
13%
Bite
10%
dope
10%
pick
10%
street
10%
bird,
7%
main
7%
story,
7%
strike
7%
told
7%
Girls
3%
meant
3%
bowl
0%
guess
0%
No matching quizzes found
Score Distribution
Percent of People with Each Score
Percentile by Number Answered
Your Score History
You have not taken this quiz